[Event "Olomouc Proclient Cup"]
[Site "Olomouc"]
[Date "2002.07.31"]
[Round "10"]
[White "Dzheranjan, Sergey"]
[Black "Trenner, Rolf"]
[Result "0-1"]
[WhiteElo "2173"]
[BlackElo "2261"]
[PlyCount "102"]
[EventDate "2002.07.31"]
[Source "ChessBase"]
[SourceDate "2002.09.11"]

1. e4 e5 2. Bc4 Nf6 3. d4 exd4 4. Nf3 Nxe4 5. Qxd4 Nf6 6. Bg5 Be7 7. Nc3 c6 8. O-O-O d5 9. Rhe1 O-O 10. Bd3 h6 11. h4 Be6 12. Qf4 Nh5 13. Qh2 Bd6 14. Qh1 Qc7 15. Bd2 Bf4 16. Nd4 Bxd2+ 17. Rxd2 Nf4 18. Bf1 Bd7 19. g3 Ne6 20. Nf5 Nc5 21. Bh3 Nba6 22. Qf3 Bxf5 23. Bxf5 Rae8 24. Rde2 Rxe2 25. Rxe2 Qd6 26. Qg4 Nc7 27. b4 Qf6 28. Re3 N5e6 29. Rf3 Qd4 30. Qh3 Qxb4 31. Bd3 g6 32. Nb1 Qe1+ 33. Kb2 Qb4+ 34. Kc1 Qe1+ 35. Kb2 Qe5+ 36. c3 d4 37. Qg4 dxc3+ 38. Nxc3 Nd5 39. Bc4 Ng7 40. Qe4 Qxe4 41. Nxe4 Nb6 42. Nf6+ Kh8 43. Bb3 Nf5 44. Ng4 Kg7 45. Ne5 Nd5 46. Rd3 Re8 47. f4 f6 48. Nc4 Re2+ 49. Ka3 Nfe3 50. Nxe3 Rxe3 51. Rd2 Rxg3 0-1

[Event "BL2-W9697"]
[Site "Germany"]
[Date "1997.??.??"]
[Round "?"]
[White "Schaefer, Juergen"]
[Black "Treppner, Gerd"]
[Result "0-1"]
[WhiteElo "2110"]
[BlackElo "2320"]
[PlyCount "96"]
[EventDate "1996.10.??"]
[Source "www.chesslib.no"]
[SourceDate "2004.05.04"]

1. e4 e5 2. Bc4 Nf6 3. d4 exd4 4. Nf3 Bc5 5. e5 d5 6. Bb5+ Bd7 7. Bxd7+ Nfxd7 8. Bg5 Be7 9. Bxe7 Qxe7 10. Qxd4 Nc6 11. Qxd5 O-O-O 12. O-O Ndxe5 13. Qe4 Nxf3+ 14. Qxf3 Nd4 15. Qh3+ Qd7 16. Qxd7+ Rxd7 17. Na3 Ne2+ 18. Kh1 Rd2 19. Rfd1 Rhd8 20. Rxd2 Rxd2 21. Rb1 a6 22. g3 Nd4 23. c3 Nf3 24. Kg2 Ne5 25. Re1 f6 26. Kf1 Rxb2 27. Re2 Rxe2 28. Kxe2 Kd7 29. f4 Nf7 30. Kd3 Nd6 31. Nc2 c5 32. g4 Ke6 33. Ne3 g5 34. Ng2 b5 35. h4 h6 36. hxg5 hxg5 37. fxg5 fxg5 38. Ke3 Ke5 39. Kd3 Ne4 40. Kc2 Nf2 41. Ne3 Kf4 42. Nd5+ Kxg4 43. Nc7 Kf3 44. Nxa6 Ne4 45. Nb8 g4 46. Nc6 g3 47. Ne5+ Ke2 48. Ng6 c4 0-1

[Event "CRO-chT2"]
[Site "Pula"]
[Date "1998.??.??"]
[Round "6"]
[White "Stanic, Zoran"]
[Black "Hrvacic, Pavle"]
[Result "1/2-1/2"]
[WhiteElo "2245"]
[BlackElo "2185"]
[PlyCount "39"]
[EventDate "1998.??.??"]
[Source "www.chesslib.no"]
[SourceDate "2004.05.04"]

1. e4 e5 2. Bc4 Nf6 3. d4 Nxe4 4. dxe5 Qe7 5. Qe2 Nc5 6. Nc3 c6 7. Nf3 d5 8. Bg5 Qc7 9. Bb3 Bg4 10. O-O-O Ne6 11. Bh4 Nd7 12. Rhe1 h5 13. h3 Bxf3 14. Qxf3 Ndc5 15. Kb1 Nxb3 16. axb3 g5 17. Bg3 O-O-O 18. Qf5 Bb4 19. Re2 Bxc3 20. bxc3 1/2-1/2

[Event "European Senior Ch."]
[Site "?"]
[Date "2003.09.18"]
[Round "2"]
[White "Bakhmatov Eduard"]
[Black "Gousseinov Aguif"]
[Result "1-0"]
[WhiteElo "2311"]
[BlackElo "2111"]
[PlyCount "120"]
[EventDate "2003.??.??"]
[Source "www.chesslib.no"]
[SourceDate "2004.05.04"]

1. e4 e5 2. Bc4 Nf6 3. d4 exd4 4. Nf3 Bc5 5. O-O d6 6. Nxd4 O-O 7. Nc3 Nc6 8. Nxc6 bxc6 9. Bg5 Qe7 10. Qf3 Bd4 11. Rae1 Qe5 12. Bf4 Qc5 13. b3 Be6 14. Na4 Qh5 15. Qd3 c5 16. c3 Bxc4 17. Qxc4 Be5 18. Bxe5 Qxe5 19. f4 Qe6 20. Qxe6 fxe6 21. e5 Nd5 22. g3 Rfe8 23. Rf3 Nb6 24. Nb2 a5 25. Rd3 d5 26. Rb1 Kf7 27. c4 d4 28. a4 Rab8 29. Rf1 Ke7 30. g4 Nd7 31. h4 Rf8 32. Kg2 Rb6 33. Nd1 Nb8 34. Rff3 Nd7 35. Nf2 Rbb8 36. Ne4 h6 37. h5 Rf7 38. Rd1 Rff8 39. Rh1 Rf7 40. Nf2 Rbf8 41. Nd3 Rb8 42. Rb1 Rbf8 43. Re1 Rb8 44. Rb1 Rbf8 45. Kf2 Ke8 46. Ke2 Ke7 47. Kd2 Rb8 48. Kc2 Rg8 49. f5 Rgf8 50. Rbf1 Kd8 51. Re1 Re7 52. Rf4 Rfe8 53. Rfe4 c6 54. R4e2 Kc7 55. Nf4 exf5 56. Ng6 f4 57. Nxe7 Rxe7 58. Re4 Nf8 59. Rxf4 Ne6 60. Rff1 Rd7 1-0

[Event "It Open"]
[Site "St. Ingbert GER"]
[Date "1987.??.??"]
[Round "1"]
[White "Maier W"]
[Black "Schlamp Frank"]
[Result "1-0"]
[WhiteElo "2230"]
[BlackElo "2180"]
[PlyCount "63"]
[EventDate "1987.??.??"]
[Source "www.chesslib.no"]
[SourceDate "2004.05.04"]

1. e4 e5 2. Bc4 Nf6 3. d4 d6 4. dxe5 Nxe4 5. Qd5 Be6 6. Qxe4 d5 7. Bb5+ c6 8. Qe2 Qa5+ 9. Bd2 Qxb5 10. Qxb5 cxb5 11. Nc3 a6 12. Nf3 Nc6 13. O-O Rd8 14. Bg5 Rd7 15. Rad1 Bc5 16. a3 b4 17. axb4 Nxb4 18. Rd2 d4 19. Ne4 b6 20. Rfd1 Bg4 21. c3 Bxf3 22. gxf3 Nc6 23. Bf4 O-O 24. b4 Be7 25. b5 axb5 26. cxd4 Rfd8 27. d5 Na7 28. d6 Bf8 29. Rc2 Rc8 30. Rdc1 Rdd8 31. Rxc8 Rxc8 32. Rxc8 1-0

[Event "CZE-chT1b 9697"]
[Site "Czech Republic"]
[Date "1997.??.??"]
[Round "?"]
[White "Zahorbensky, Jaroslav"]
[Black "Vavra, Jan 1"]
[Result "1-0"]
[WhiteElo "2155"]
[BlackElo "2255"]
[PlyCount "159"]
[EventDate "1996.??.??"]
[Source "www.chesslib.no"]
[SourceDate "2004.05.04"]

1. e4 e5 2. Bc4 Nf6 3. d4 exd4 4. Nf3 Nxe4 5. Qxd4 Nf6 6. Bg5 Be7 7. Nc3 O-O 8. O-O-O d6 9. Rhe1 Nc6 10. Qh4 h6 11. Bd3 hxg5 12. Nxg5 g6 13. Nd5 Kg7 14. Rxe7 Nxe7 15. Nxf6 Rh8 16. Qd4 Kf8 17. Ngh7+ Rxh7 18. Nxh7+ Kg8 19. Nf6+ Kf8 20. Re1 Be6 21. Nh7+ Kg8 22. Nf6+ Kf8 23. h4 Nc6 24. Qf4 Kg7 25. Ne4 Ne5 26. Re3 Nxd3+ 27. Rxd3 Bf5 28. Ng5 f6 29. Qxf5 gxf5 30. Ne6+ Kg6 31. Nxd8 Rxd8 32. Kd2 Rh8 33. Rh3 Re8 34. Rg3+ Kf7 35. Rf3 Kg6 36. g3 Re5 37. Rf4 Rb5 38. b3 Re5 39. Rc4 Re7 40. Rd4 Re5 41. a4 Re7 42. Rf4 Re5 43. Rb4 b6 44. Rf4 a5 45. Rd4 Kh5 46. c3 Kg6 47. Rc4 c5 48. Rf4 d5 49. Rf3 Kh5 50. Rd3 f4 51. gxf4 Rf5 52. Ke3 Kxh4 53. Rd1 Kh5 54. Rg1 Kh6 55. Rg8 Rh5 56. Rb8 Rh3+ 57. f3 d4+ 58. cxd4 cxd4+ 59. Ke4 f5+ 60. Kxd4 Rxf3 61. Rxb6+ Kh5 62. Ke5 Kg4 63. Rg6+ Kh5 64. Kxf5 Rxb3 65. Ra6 Rb8 66. Rxa5 Rf8+ 67. Ke6+ Kg4 68. f5 Kg5 69. Ke7 Rf6 70. Rb5 Ra6 71. a5 Ra7+ 72. Ke6 Ra6+ 73. Kd7 Ra7+ 74. Kc8 Kf6 75. Kb8 Rh7 76. a6 Rh8+ 77. Kb7 Rh7+ 78. Kb6 Rh1 79. a7 Ra1 80. Kb7 1-0

[Event "DDR Ch women"]
[Site "Stralsund"]
[Date "1988.??.??"]
[Round "5"]
[White "Wagner-Michel, Annett"]
[Black "Kunze, Kerstin"]
[Result "0-1"]
[WhiteElo "2225"]
[BlackElo "2180"]
[PlyCount "123"]
[EventDate "1988.02.??"]
[Source "www.chesslib.no"]
[SourceDate "2004.05.04"]

1. e4 e5 2. Bc4 Nf6 3. d4 exd4 4. Nf3 d6 5. Qxd4 Be7 6. Nc3 Nc6 7. Qe3 O-O 8. Bd2 a6 9. O-O Bg4 10. Be2 d5 11. exd5 Nxd5 12. Nxd5 Qxd5 13. Qf4 Qd7 14. Bc3 Bd6 15. Qg5 f6 16. Qd5+ Kh8 17. Rad1 Rfe8 18. Rfe1 Qf5 19. Kf1 Qxd5 20. Rxd5 Be6 21. Rdd1 Kg8 22. Bd3 Bd7 23. Be4 Re7 24. Bd5+ Kf8 25. Rxe7 Bxe7 26. Be4 Be8 27. Bd2 Bg6 28. Bxc6 bxc6 29. Nd4 Kf7 30. Ba5 Bd6 31. Nxc6 Bxc2 32. Rd2 Ba4 33. Nb4 Re8 34. g3 Re5 35. Rd5 Bb5+ 36. Kg1 Bxb4 37. Rxe5 Bxa5 38. Rh5 Kg6 39. Rd5 Bb6 40. h4 Kf7 41. b3 Ke6 42. Rd1 Bc5 43. Kg2 Bc6+ 44. Kf1 Bd6 45. Ke2 g5 46. hxg5 fxg5 47. g4 Ke5 48. Rc1 Kd5 49. a4 Bb7 50. Rh1 Kc5 51. b4+ Kc4 52. Rc1+ Kb3 53. Kd3 Bc8 54. b5 axb5 55. axb5 Bxg4 56. Rc3+ Kb2 57. Rc2+ Kb1 58. Rc4 Be6 59. Ra4 h5 60. Ra6 Bc8 61. Ra8 Bf5+ 62. Kc3 0-1

[Event "IV Open internazionale"]
[Site "Lodi ITA"]
[Date "2008.06.13"]
[Round "1"]
[White "Soncin, Denis"]
[Black "Schneider-Zinner, Harald"]
[Result "0-1"]
[WhiteElo "2045"]
[BlackElo "2350"]
[PlyCount "72"]
[EventDate "2008.06.13"]
[Source "www.chesslib.no"]
[SourceDate "2004.05.04"]

1. e4 e5 2. Bc4 Nf6 3. d4 exd4 4. Nf3 d6 5. Ng5 d5 6. exd5 Bd6 7. Qxd4 O-O 8. O-O Nc6 9. Qd1 Bg4 10. Be2 Bxe2 11. Qxe2 Re8 12. Qc4 Nb4 13. Bd2 Nbxd5 14. Nc3 c6 15. Nxd5 Nxd5 16. Qd3 g6 17. Qh3 h5 18. Rad1 Qf6 19. Qb3 b5 20. Nf3 Re4 21. Rfe1 Rc4 22. Bg5 Qf5 23. Qd3 Qxd3 24. cxd3 Rc2 25. Bc1 Bc5 26. d4 Bb4 27. Re4 Bc3 28. Ne1 Bxe1 29. Rdxe1 Kg7 30. a3 a5 31. R4e2 Rxe2 32. Rxe2 Rd8 33. Be3 a4 34. Rc2 Rd6 35. Kf1 Re6 36. g3 Rxe3 0-1

[Event "HUN-chT 9798"]
[Site "Hungary"]
[Date "1998.??.??"]
[Round "?"]
[White "Kende, Gyorgy"]
[Black "Papp, Nandor"]
[Result "1/2-1/2"]
[WhiteElo "2265"]
[BlackElo "2120"]
[PlyCount "22"]
[EventDate "1997.??.??"]
[Source "www.chesslib.no"]
[SourceDate "2004.05.04"]

1. e4 e5 2. Bc4 Nf6 3. d4 exd4 4. Nf3 Nxe4 5. Qxd4 Nf6 6. Bg5 Be7 7. Nc3 Nc6 8. Qh4 d6 9. O-O-O Be6 10. Rhe1 Bxc4 11. Qxc4 O-O 1/2-1/2

[Event "Essen (27.03.-11.04)"]
[Site "?"]
[Date "2001.04.04"]
[Round "5.2"]
[White "Bakhmatov Eduard"]
[Black "Dahlhaus Friedhelm"]
[Result "1-0"]
[WhiteElo "2279"]
[BlackElo "2088"]
[PlyCount "71"]
[EventDate "2001.??.??"]
[Source "www.chesslib.no"]
[SourceDate "2004.05.04"]

1. e4 e5 2. Bc4 Nf6 3. d4 exd4 4. Nf3 Nxe4 5. Qxd4 Nf6 6. Bg5 Be7 7. Nc3 c6 8. O-O-O d5 9. Rhe1 Be6 10. Qh4 Nbd7 11. Bd3 Qa5 12. Nd4 O-O-O 13. Nxe6 fxe6 14. Rxe6 Bb4 15. Ne2 Rde8 16. Rxe8+ Rxe8 17. Kb1 h6 18. Be3 Ne5 19. Nc1 Nxd3 20. Nxd3 Be7 21. Qh3+ Nd7 22. Qe6 Kd8 23. Re1 Nf6 24. Qf7 c5 25. Bxc5 Qxe1+ 26. Nxe1 Bxc5 27. Nd3 Re7 28. Qg6 Bxf2 29. a4 Bg1 30. Qg3 Kc8 31. Qd6 Rd7 32. Qf8+ Kc7 33. Ne5 Rd6 34. Qxg7+ Nd7 35. Nxd7 Rxd7 36. Qxh6 1-0

[Event "SVK-chT1E 0001"]
[Site "?"]
[Date "2000.??.??"]
[Round "2"]
[White "Marman Vladimir"]
[Black "Okos Alexander"]
[Result "1/2-1/2"]
[WhiteElo "2210"]
[BlackElo "2149"]
[PlyCount "105"]
[EventDate "2000.??.??"]
[Source "www.chesslib.no"]
[SourceDate "2004.05.04"]

1. e4 e5 2. Bc4 Nf6 3. d4 d6 4. dxe5 dxe5 5. Bxf7+ Kxf7 6. Qxd8 Bb4+ 7. Qd2 Bxd2+ 8. Nxd2 Nc6 9. c3 b6 10. b3 Ba6 11. Bb2 Rad8 12. f3 Nh5 13. Nh3 Bc8 14. Nf2 Nf4 15. g3 Ne6 16. O-O-O Ba6 17. Rhe1 h5 18. h4 Rh6 19. Rg1 Rf6 20. Rde1 g5 21. c4 g4 22. f4 Ned4 23. f5 Rfd6 24. Bc3 R6d7 25. Nd1 b5 26. Ne3 Nf3 27. Nxf3 gxf3 28. Rgf1 bxc4 29. Nxc4 Bxc4 30. bxc4 Nd4 31. Bxd4 Rxd4 32. Rxf3 Rxc4+ 33. Kb1 Rb8+ 34. Rb3 Rb6 35. Kb2 Rbc6 36. Re2 a5 37. Rb5 a4 38. Re3 Rb6 39. Rxb6 cxb6 40. Rc3 Rxe4 41. Rc6 b5 42. Rh6 Rg4 43. Re6 Rxg3 44. Rxe5 b4 45. f6 a3+ 46. Kb1 Rg2 47. Rxh5 Rb2+ 48. Ka1 Rf2 49. Kb1 Rb2+ 50. Ka1 Kxf6 51. Rb5 Kg6 52. h5+ Kh6 53. Rxb4 1/2-1/2

[Event "Corr"]
[Site "?"]
[Date "2003.07.17"]
[Round "?"]
[White "MacGregor Michael"]
[Black "Cottegnie Francis"]
[Result "1/2-1/2"]
[WhiteElo "2117"]
[BlackElo "2239"]
[PlyCount "110"]
[EventDate "2003.??.??"]
[Source "www.chesslib.no"]
[SourceDate "2004.05.04"]

1. e4 e5 2. Bc4 Nf6 3. d4 exd4 4. Nf3 Nxe4 5. Qxd4 Nf6 6. Bg5 Be7 7. Nc3 Nc6 8. Qh4 d6 9. O-O-O Be6 10. Bd3 a6 11. Rhe1 h6 12. Re2 Kd7 13. Bxf6 Bxf6 14. Qe4 Bxc3 15. bxc3 Qf6 16. Kb2 Rhe8 17. Qh4 Qxh4 18. Nxh4 Ne5 19. Nf3 Nxf3 20. gxf3 g5 21. Re3 Rg8 22. Rde1 b5 23. Rh1 c5 24. h4 c4 25. Bf1 gxh4 26. Re4 Rg6 27. Rexh4 Rh8 28. a4 Kc6 29. axb5+ Kxb5 30. Bh3 d5 31. f4 Bxh3 32. R4xh3 Kc5 33. Rh5 Rb6+ 34. Ka3 Rf6 35. Rd1 Rd8 36. Rd4 Rg6 37. Rd1 Re6 38. Rdh1 Rdd6 39. Re5 Rf6 40. f5 Rd8 41. Kb2 Rb8+ 42. Kc1 Kd6 43. f4 a5 44. Rd1 Rb5 45. Rg1 Kc5 46. Rg8 Rbb6 47. Ra8 Ra6 48. Rc8+ Rfc6 49. Rd8 Rd6 50. Rc8+ Rac6 51. Ra8 Kb6 52. Kd2 Rd7 53. Re1 Ra7 54. Rxa7 Kxa7 55. Re7+ Ka6 1/2-1/2

[Event "FRA-chT3"]
[Site "?"]
[Date "2001.03.31"]
[Round "8.4"]
[White "Souevamanien Pascal"]
[Black "Rudiano Nicolas"]
[Result "1-0"]
[WhiteElo "2185"]
[BlackElo "2156"]
[PlyCount "91"]
[EventDate "2001.??.??"]
[Source "www.chesslib.no"]
[SourceDate "2004.05.04"]

1. e4 e5 2. Bc4 Nf6 3. d4 exd4 4. Nf3 Bb4+ 5. c3 dxc3 6. bxc3 Bc5 7. e5 d5 8. Bd3 Ne4 9. Bxe4 dxe4 10. Qxd8+ Kxd8 11. Ng5 Be6 12. Nxe4 Be7 13. Be3 Nd7 14. f4 f6 15. exf6 Nxf6 16. Ng5 Bd5 17. O-O h6 18. Nf3 Bxf3 19. Rxf3 Nd5 20. Bd4 Bf6 21. Bxf6+ Nxf6 22. Nd2 c6 23. Nc4 Kc7 24. Ne5 Rhe8 25. c4 Rad8 26. Rb1 Rd2 27. Rfb3 b6 28. c5 Nd5 29. Ra3 Ra8 30. Nc4 Rc2 31. cxb6+ axb6 32. Rxa8 Rxc4 33. Ra7+ Kd6 34. g3 Rc2 35. a4 c5 36. Rxg7 c4 37. Rg6+ Kc5 38. Rb5+ Kd4 39. Rd6 Rc1+ 40. Kg2 c3 41. Rbxd5+ Kc4 42. Rd4+ Kc5 43. R6d5+ Kc6 44. Rd1 Rc2+ 45. Kh3 Ra2 46. R5d3 1-0

[Event "BCF Ch"]
[Site "Brighton ENG"]
[Date "1984.??.??"]
[Round "4"]
[White "Freeman, Richard"]
[Black "Baker, Chris W"]
[Result "1/2-1/2"]
[WhiteElo "2095"]
[BlackElo "2235"]
[PlyCount "42"]
[EventDate "1984.08.??"]
[Source "www.chesslib.no"]
[SourceDate "2004.05.04"]

1. e4 e5 2. Bc4 Nf6 3. d4 exd4 4. Nf3 Nxe4 5. Qxd4 d5 6. Bxd5 Nf6 7. Bxf7+ Kxf7 8. Qxd8 Bb4+ 9. Qd2 Re8+ 10. Kf1 Bxd2 11. Bxd2 Nc6 12. Na3 Bg4 13. Ng5+ Kg6 14. f3 Rad8 15. Rd1 Bf5 16. Kf2 Nd4 17. Be3 c5 18. c3 Nd5 19. Bxd4 cxd4 20. Rxd4 Nf4 21. Ne4 Bxe4 1/2-1/2

[Event "New York State-ch121"]
[Site "New York"]
[Date "1999.09.05"]
[Round "4"]
[White "Sherman, D."]
[Black "Nakamura, A."]
[Result "1-0"]
[WhiteElo "2170"]
[BlackElo "2157"]
[PlyCount "53"]
[EventDate "1999.09.04"]
[Source "www.chesslib.no"]
[SourceDate "2004.05.04"]

1. e4 e5 2. Bc4 Nf6 3. d4 exd4 4. Nf3 Nxe4 5. Qxd4 Nf6 6. Bg5 Be7 7. Nc3 O-O 8. O-O-O h6 9. Qh4 d6 10. Rhe1 hxg5 11. Nxg5 Bf5 12. Bd3 Nh7 13. Rxe7 Qxe7 14. f4 Bxd3 15. Nd5 Qd8 16. Rxd3 Nxg5 17. fxg5 Nd7 18. Rh3 f5 19. Qh7+ Kf7 20. Qxf5+ Kg8 21. Qe6+ Rf7 22. g6 Qg5+ 23. Kb1 Raf8 24. gxf7+ Rxf7 25. Rf3 Ne5 26. Rxf7 Nxf7 27. Qe8+ 1-0

[Event "CP.1999.P.00008"]
[Site "?"]
[Date "1999.??.??"]
[Round "?"]
[White "Ottenweller Wolfgang"]
[Black "Hedrera Marcelo Ernesto"]
[Result "1-0"]
[WhiteElo "1930"]
[BlackElo "2395"]
[PlyCount "70"]
[EventDate "1999.??.??"]
[Source "www.chesslib.no"]
[SourceDate "2004.05.04"]

1. e4 e5 2. Bc4 Nf6 3. d4 exd4 4. Nf3 Bc5 5. e5 d5 6. exf6 dxc4 7. Qe2+ Be6 8. fxg7 Rg8 9. Ng5 Qd5 10. Nxe6 fxe6 11. Bh6 d3 12. cxd3 cxd3 13. Qg4 Nd7 14. O-O Nf6 15. Qf4 Nh5 16. Qa4+ Qc6 17. Qxc6+ bxc6 18. Nd2 O-O-O 19. Rac1 Bd4 20. Rxc6 Nxg7 21. Rfc1 Ne8 22. Rxe6 Bxb2 23. Rb1 Bd4 24. Nf3 Bb6 25. Rd1 c5 26. Ne5 Nc7 27. Re7 Rge8 28. Rxe8 Rxe8 29. Nxd3 c4 30. Nf4 Ba5 31. Kf1 c3 32. f3 Kb7 33. Ne2 Re5 34. Bf4 Rd5 35. Rc1 Ne6 1-0

[Event "GER Cup Amateur GrA 2nd"]
[Site "?"]
[Date "2001.??.??"]
[Round "3"]
[White "Berrang Gerrit"]
[Black "Lacrosse Marc"]
[Result "0-1"]
[WhiteElo "2036"]
[BlackElo "2285"]
[PlyCount "32"]
[EventDate "2001.??.??"]
[Source "www.chesslib.no"]
[SourceDate "2004.05.04"]

1. e4 e5 2. Bc4 Nf6 3. d4 exd4 4. Nf3 Nxe4 5. Qxd4 Nf6 6. Bg5 Be7 7. Nc3 Nc6 8. Qh4 d6 9. Bd3 Be6 10. O-O-O Qd7 11. Bb5 O-O 12. Rhe1 h6 13. Bd3 hxg5 14. Nxg5 Bf5 15. Re3 Bxd3 16. Rdxd3 Qg4 0-1

[Event "Bled SLO"]
[Site "?"]
[Date "2002.07.05"]
[Round "3"]
[White "Kovacic Peter"]
[Black "Simoncic Silvo"]
[Result "1-0"]
[WhiteElo "2182"]
[BlackElo "2138"]
[PlyCount "83"]
[EventDate "2002.??.??"]
[Source "www.chesslib.no"]
[SourceDate "2004.05.04"]

1. e4 e5 2. Bc4 Nf6 3. d4 Nxe4 4. dxe5 c6 5. Bxf7+ Kxf7 6. Qf3+ Nf6 7. exf6 Qxf6 8. Bg5 Qxf3 9. Nxf3 Bb4+ 10. c3 Re8+ 11. Kd2 Bc5 12. Be3 Bxe3+ 13. fxe3 d5 14. Na3 Nd7 15. Rhf1 Nf6 16. Rae1 b6 17. Nd4 Bd7 18. h3 a6 19. e4 Rxe4 20. Rxe4 dxe4 21. Nc4 c5 22. Nxb6 Rd8 23. Nb3 Bb5+ 24. Ke1 Bxf1 25. Kxf1 Rd1+ 26. Ke2 Rb1 27. Nc4 Ke6 28. Nbd2 Ra1 29. a3 Kf5 30. Nb3 Rb1 31. Nbd2 Rc1 32. Nb3 Rc2+ 33. Kd1 Rf2 34. Ke1 Rf4 35. Nxc5 Nd5 36. Ke2 Nc7 37. g3 Rf3 38. Nxe4 Kxe4 39. Nd2+ Kd5 40. Kxf3 Ne6 41. Ke3 Nc5 42. b4 1-0

[Event "AZE-ch"]
[Site "Baku"]
[Date "1999.??.??"]
[Round "8"]
[White "Allahverdiev, Elchin"]
[Black "Mamedjarova, Zeinab"]
[Result "0-1"]
[WhiteElo "2155"]
[BlackElo "2162"]
[PlyCount "109"]
[EventDate "1999.11.??"]
[Source "ChessBase"]
[SourceDate "2000.01.11"]

1. e4 e5 2. Bc4 Nf6 3. d4 Nxe4 4. Qf3 d5 5. dxe5 Nc6 6. Bb5 Qe7 7. Bxc6+ bxc6 8. Qe2 a5 9. Nd2 Ba6 10. Qe3 Nc5 11. Ne2 g6 12. O-O Nd7 13. Re1 Bg7 14. Nd4 O-O 15. e6 Ne5 16. N2f3 Nxf3+ 17. Nxf3 Rfe8 18. exf7+ Qxf7 19. Qc5 Rxe1+ 20. Nxe1 Bb5 21. c3 Bf8 22. Qd4 c5 23. Qf4 Bd6 24. Qxf7+ Kxf7 25. Be3 a4 26. Rd1 a3 27. b3 Bc6 28. Nf3 Re8 29. Kf1 h6 30. h3 g5 31. Ke1 Kg6 32. Kd2 Bd7 33. g4 Bb5 34. h4 Rf8 35. h5+ Kg7 36. Ne1 Bd7 37. f3 Bb5 38. Nc2 Rxf3 39. Nxa3 Ba6 40. Rg1 Kf7 41. Nc2 Be5 42. Rg2 d4 43. cxd4 cxd4 44. Bg1 Bf4+ 45. Kd1 Rf1+ 46. Ne1 Bb7 47. Bxd4 Bxg2 48. Ke2 Bh3 49. a4 Bd6 50. a5 Rf4 51. a6 Bxg4+ 52. Kd3 Bc8 53. a7 Bb7 54. Nc2 g4 55. Ne3 0-1

[Event "Essen (04.03.-20.03)"]
[Site "?"]
[Date "2002.03.13"]
[Round "6"]
[White "Bakhmatov Eduard"]
[Black "Mueller Falk[39Gerthe"]
[Result "1-0"]
[WhiteElo "2261"]
[BlackElo "2027"]
[PlyCount "110"]
[EventDate "2002.??.??"]
[Source "www.chesslib.no"]
[SourceDate "2004.05.04"]

1. e4 e5 2. Bc4 Nf6 3. d4 Nxe4 4. dxe5 c6 5. Qf3 d5 6. exd6 Nxd6 7. Bb3 Be7 8. Nc3 O-O 9. Bf4 Qa5 10. O-O-O Nb5 11. Nge2 Na6 12. Nxb5 Qxb5 13. Nd4 Qa5 14. Rhe1 Bf6 15. Bd6 Qg5+ 16. Qe3 Qxe3+ 17. Rxe3 Bg4 18. Nf3 Rfd8 19. Rde1 Bxf3 20. gxf3 b6 21. Be7 Bxe7 22. Rxe7 Rf8 23. Bc4 b5 24. Bb3 g6 25. Rb7 Nc5 26. Rc7 Nxb3+ 27. axb3 Rac8 28. Rxa7 Ra8 29. Ree7 Rxa7 30. Rxa7 Re8 31. Kd2 Re6 32. Rc7 Kf8 33. c4 Ke8 34. Kd3 Rf6 35. Ke4 Kd8 36. Ra7 Rf5 37. Rb7 Kc8 38. Re7 Kd8 39. Re5 bxc4 40. Rxf5 gxf5+ 41. Ke5 cxb3 42. Kd6 f4 43. Kxc6 Ke7 44. Kd5 Kf6 45. Kc4 Kg5 46. Kxb3 Kh4 47. Kc4 Kh3 48. b4 Kxh2 49. b5 h5 50. b6 h4 51. b7 Kg2 52. b8=Q Kxf3 53. Qh8 Kxf2 54. Qxh4+ Ke3 55. Qe1+ Kf3 1-0

[Event "Recklinghausen op 13th"]
[Site "Recklinghausen"]
[Date "2002.08.19"]
[Round "2"]
[White "Matrisch, Gerd"]
[Black "Simon, Hans Christian"]
[Result "1/2-1/2"]
[WhiteElo "2081"]
[BlackElo "2205"]
[PlyCount "55"]
[EventDate "2002.08.19"]
[Source "ChessBase"]
[SourceDate "2002.09.11"]

1. e4 e5 2. Bc4 Nf6 3. d4 exd4 4. Nf3 Nxe4 5. Qxd4 Nf6 6. Bg5 Be7 7. Nc3 Nc6 8. Qh4 d6 9. O-O-O Be6 10. Rhe1 Bxc4 11. Bxf6 Be6 12. Bxe7 Qxe7 13. Qg3 Qf6 14. Nd5 Qh6+ 15. Qg5 Qxg5+ 16. Nxg5 Kd7 17. Nf4 Rae8 18. f3 g6 19. Ne4 Ke7 20. Ng5 Kf6 21. Ne4+ Ke7 22. Ng5 Nd8 23. Re3 h6 24. Ngxe6 Nxe6 25. Rde1 Kf6 26. Nd5+ Kg7 27. Nf4 Kf6 28. Nd5+ 1/2-1/2

[Event "BdF"]
[Site "?"]
[Date "1997.??.??"]
[Round "1"]
[White "Riebel Heinrich"]
[Black "Erpel Werner"]
[Result "1/2-1/2"]
[WhiteElo "2256"]
[BlackElo "2026"]
[PlyCount "53"]
[EventDate "1997.??.??"]
[Source "www.chesslib.no"]
[SourceDate "2004.05.04"]

1. e4 e5 2. Bc4 Nf6 3. d4 exd4 4. Nf3 Nxe4 5. Qxd4 Nf6 6. Bg5 Be7 7. Nc3 c6 8. O-O-O d5 9. Rhe1 Be6 10. Bd3 Nbd7 11. Qh4 Nc5 12. Nd4 Ng8 13. f4 Bxg5 14. fxg5 Ne7 15. b4 Nxd3+ 16. Rxd3 Qd7 17. Nxe6 fxe6 18. Rde3 O-O-O 19. Rxe6 Nf5 20. Qh3 Nd4 21. R6e3 Qxh3 22. Rxh3 Rd7 23. Kd2 g6 24. Kd3 Nf5 25. Rf3 Kc7 26. g4 Nd6 27. Re6 1/2-1/2

[Event "Corr"]
[Site "?"]
[Date "1998.10.01"]
[Round "?"]
[White "Burkett Max"]
[Black "Bourgault Pierre"]
[Result "0-1"]
[WhiteElo "2241"]
[BlackElo "2040"]
[PlyCount "36"]
[EventDate "1998.??.??"]
[Source "www.chesslib.no"]
[SourceDate "2004.05.04"]

1. e4 e5 2. Bc4 Nf6 3. d4 exd4 4. Nf3 d5 5. exd5 Bb4+ 6. Kf1 O-O 7. Qxd4 Bf5 8. Bb3 c5 9. Qf4 Be4 10. a3 c4 11. Bxc4 Bd6 12. Qh4 Qc7 13. Nbd2 Re8 14. b3 Bxc2 15. Bb2 Nbd7 16. g3 Ne4 17. Nxe4 Bxe4 18. Qg4 g6 0-1

[Event "CZE-ch1 U16"]
[Site "?"]
[Date "1996.??.??"]
[Round "?"]
[White "Jacko Tomas"]
[Black "Smistik Milan"]
[Result "0-1"]
[WhiteElo "2170"]
[BlackElo "2085"]
[PlyCount "140"]
[EventDate "1996.??.??"]
[Source "www.chesslib.no"]
[SourceDate "2004.05.04"]

1. e4 e5 2. Bc4 Nf6 3. d4 exd4 4. Nf3 d5 5. exd5 Nxd5 6. O-O Nc6 7. Ng5 Be6 8. Re1 Qd7 9. Nxe6 fxe6 10. Qh5+ Kd8 11. Bg5+ Be7 12. Bxe7+ Ncxe7 13. Nd2 b5 14. Bb3 Ng6 15. Rxe6 Ngf4 16. Qg5+ Kc8 17. Re5 h6 18. Qg3 Kb7 19. Bxd5+ Nxd5 20. Ne4 Qc6 21. Re6 Qxc2 22. b4 Rae8 23. Nc5+ Ka8 24. Qxg7 Qc3 25. Rf1 Qxb4 26. Rxe8+ Rxe8 27. Qd7 Qxc5 28. Qxe8+ Kb7 29. h3 d3 30. Rd1 Qc4 31. Qh5 Qe4 32. Kf1 a6 33. Re1 Qc4 34. Kg1 d2 35. Rd1 Qe4 36. Kh2 Nc3 37. Qxh6 Nxd1 38. Qxd2 Qa4 39. Qd5+ Kb6 40. Qe6+ c6 41. Qf6 Qc2 42. Qd8+ Kc5 43. Qe7+ Kc4 44. Qe6+ Kb4 45. Qd6+ Ka4 46. a3 a5 47. f4 b4 48. axb4 axb4 49. Qd4 Ka3 50. f5 Nc3 51. f6 Qf5 52. Qd6 Nd5 53. Qxc6 Qf4+ 54. Kh1 Nxf6 55. Qa6+ Kb2 56. Qe2+ Kc3 57. Qe1+ Kd3 58. Qb1+ Kc4 59. Qc2+ Kd4 60. Qb2+ Kd5 61. Qb3+ Qc4 62. Qf3+ Ne4 63. Qd1+ Kc5 64. Qh5+ Kd4 65. Qd1+ Qd3 66. Qa1+ Kc4 67. Qa2+ b3 68. Qa6+ Kc3 69. Qa5+ Kc2 70. Qc7+ Nc3 0-1

[Event "Condom"]
[Site "?"]
[Date "2005.07.11"]
[Round "4.8"]
[White "Schuermans Robert"]
[Black "Saez Nicolas"]
[Result "0-1"]
[WhiteElo "2274"]
[BlackElo "1980"]
[PlyCount "58"]
[EventDate "2005.??.??"]
[Source "www.chesslib.no"]
[SourceDate "2004.05.04"]

1. e4 e5 2. Bc4 Nf6 3. d4 Qe7 4. Qe2 g6 5. Nf3 d6 6. dxe5 dxe5 7. Ng5 Be6 8. Bxe6 fxe6 9. Qb5+ Nfd7 10. Qxb7 Nb6 11. Be3 Qb4+ 12. Nd2 Bc5 13. Nxe6 Bxe3 14. Nxc7+ Kd8 15. Ne6+ Ke8 16. fxe3 Qxb2 17. O-O N8d7 18. Rab1 Qc3 19. Ng7+ Ke7 20. Rxb6 Qxe3+ 21. Kh1 Qxb6 22. Qd5 Rhf8 23. Rd1 Qd6 24. Nc4 Qxd5 25. exd5 Rac8 26. Ne3 Rc3 27. Rd3 Rxd3 28. cxd3 Nc5 29. h3 Kf7 0-1